| 000 | 00375nam a2200145Ia 4500 | ||
|---|---|---|---|
| 008 | 230312s9999||||xx |||||||||||||| ||und|| | ||
| 020 | _a9781119502906 | ||
| 082 |
_a004.167 _bHUG-S |
||
| 100 | _aKelly,James F | ||
| 245 | 0 | _aIPad and iPad mini : absolute beginner's guide | |
| 260 |
_bWiley _aCanada _c2018 |
||
| 300 | _a314 | ||
| 650 |
_aComputer _vSmart Phone |
||
| 942 | _cBK | ||
| 999 |
_c16412 _d16412 |
||